000 00739nam a2200229 i 4500
001 175845
003 ES-MaACL
005 20230906215929.0
008 101124s1971 sp |||| | spa d
080 _a82-2.09
100 1 _aLasso de la Vega, José S.
_970475
245 1 3 _aDe Sófocles a Brecht /
_cJosé S. Lasso de la Vega.
250 _a1ª ed.
260 _aBarcelona :
_bPlaneta,
_c1971.
300 _a379, [4] p. ;
_c22 cm.
490 1 _aEnsayos Planeta de Lingüística y crítica literaria
650 0 4 _aTragedia griega-
_xHistoria y crítica.
_917620
830 0 _aEnsayos Planeta de Lingüística y crítica literaria
_9187215
852 _aES-MaACL
_jE-13670
852 _aES-MaACL
_jC-38336
999 _c175845
_d175845